000
00226nam a2200097Ia 4500
001
712210
005
20250826162823.0
008
250824s9999 xx 000 0 und d
245
0
_a
GREV
_c
ORHAN KEMAL
260
_b
EVEREST YAYINLARI
999
_c
712210
_d
712210